| 000 | 00504nam a22001697a 4500 | ||
|---|---|---|---|
| 005 | 20251108164222.0 | ||
| 008 | 250721s9999 xx 000 0 ara d | ||
| 082 | 1 | 4 | _a840/روس |
| 100 | 1 | _aروسو، جان جاك | |
| 245 | 1 | 0 | _aأحلام يقظة جوال منفرد / |
| 264 | 1 |
_aالقاهرة : _bالدار القومية للنشر، _c[19-]. |
|
| 300 | _a201 ص | ||
| 650 | 1 | 7 | _aالأدب الفرنسي |
| 700 | 1 |
_aتوفيق، ثريا _eترجمة |
|
| 942 |
_2ddc _cBK |
||
| 999 |
_c6669 _d6669 |
||